<?xml version="1.0" encoding="UTF-8"?>
<record
    xmlns:xsi="http://www.w3.org/2001/XMLSchema-instance"
    xsi:schemaLocation="http://www.loc.gov/MARC21/slim http://www.loc.gov/standards/marcxml/schema/MARC21slim.xsd"
    xmlns="http://www.loc.gov/MARC21/slim">

  <leader>01558nam a2200301 u 4500</leader>
  <controlfield tag="001">90757</controlfield>
  <controlfield tag="003">CO-MdUADB</controlfield>
  <controlfield tag="005">20260504071544.0</controlfield>
  <controlfield tag="007">ta</controlfield>
  <controlfield tag="008">960313s1977    ck d   gr         0 spa d</controlfield>
  <datafield tag="035" ind1=" " ind2=" ">
    <subfield code="a">90757</subfield>
  </datafield>
  <datafield tag="035" ind1=" " ind2=" ">
    <subfield code="a">(OCoLC)778238081</subfield>
  </datafield>
  <datafield tag="040" ind1=" " ind2=" ">
    <subfield code="a">CO-MdUADB</subfield>
    <subfield code="b">spa</subfield>
    <subfield code="c">CO-MdUADB</subfield>
    <subfield code="e">rda</subfield>
  </datafield>
  <datafield tag="041" ind1=" " ind2=" ">
    <subfield code="a">spa</subfield>
  </datafield>
  <datafield tag="082" ind1=" " ind2="4">
    <subfield code="a">301</subfield>
  </datafield>
  <datafield tag="100" ind1="1" ind2=" ">
    <subfield code="a">Mej&#xED;a C&#xF3;rdova, Juvenal</subfield>
    <subfield code="e">aut</subfield>
    <subfield code="9">264572</subfield>
  </datafield>
  <datafield tag="245" ind1="1" ind2="0">
    <subfield code="a">Apuntes de sociolog&#xED;a</subfield>
  </datafield>
  <datafield tag="250" ind1=" " ind2=" ">
    <subfield code="a">1. edici&#xF3;n</subfield>
  </datafield>
  <datafield tag="264" ind1=" " ind2="1">
    <subfield code="a">Bogot&#xE1; :</subfield>
    <subfield code="b">Ediciones Universidades Sim&#xF3;n Bol&#xED;var Libre de Pereira y Medell&#xED;n,  </subfield>
    <subfield code="c">1977.</subfield>
  </datafield>
  <datafield tag="300" ind1=" " ind2=" ">
    <subfield code="a">132 p&#xE1;ginas :</subfield>
    <subfield code="b">gr&#xE1;ficas</subfield>
  </datafield>
  <datafield tag="490" ind1="1" ind2=" ">
    <subfield code="a">Colecci&#xF3;n Universidad y Pueblo</subfield>
  </datafield>
  <datafield tag="505" ind1="0" ind2=" ">
    <subfield code="t">Introducci&#xF3;n. -- </subfield>
    <subfield code="t">Cap&#xED;tulo I: Conceptos generales sobre sociolog&#xED;a. -- </subfield>
    <subfield code="t">Cap&#xED;tulo II: Qu&#xE9; tipo de ciencia es la sociolog&#xED;a. -- </subfield>
    <subfield code="t">Cap&#xED;tulo III: Periodos hist&#xF3;ricos. Los precursores - Los fundadores - Compte - Spencer - Hegel - Marx. --</subfield>
    <subfield code="t">Cap&#xED;tulo IV: Filosof&#xED;a social. -- </subfield>
    <subfield code="t">Cap&#xED;tulo V: Metodolog&#xED;a social. -- </subfield>
    <subfield code="t">Cap&#xED;tulo VI: Contenido social: Hechos sociales y clasificaci&#xF3;n. -- </subfield>
    <subfield code="t">Cap&#xED;tulo VII: Morfolog&#xED;a social. -- </subfield>
    <subfield code="t">Cap&#xED;tulo VIII: Sociolog&#xED;a antropol&#xF3;gica: el hombre. -- </subfield>
    <subfield code="t">Cap&#xED;tulo IX: Sociolog&#xED;a etnol&#xF3;gica: el factor raza. -- </subfield>
    <subfield code="t">Capitulo X: Leyes sociales. -- </subfield>
    <subfield code="t">Bibliograf&#xED;a. </subfield>
  </datafield>
  <datafield tag="650" ind1=" " ind2="7">
    <subfield code="a">Sociolog&#xED;a</subfield>
    <subfield code="2">lemb</subfield>
    <subfield code="9">112</subfield>
  </datafield>
  <datafield tag="650" ind1=" " ind2="7">
    <subfield code="a">Ciencias sociales</subfield>
    <subfield code="2">armarc</subfield>
    <subfield code="9">9949</subfield>
    <subfield code="x">Filosof&#xED;a</subfield>
  </datafield>
  <datafield tag="650" ind1=" " ind2="7">
    <subfield code="a">Soci&#xF3;logos</subfield>
    <subfield code="2">lemb</subfield>
    <subfield code="9">35375</subfield>
  </datafield>
  <datafield tag="830" ind1=" " ind2="0">
    <subfield code="9">864829</subfield>
    <subfield code="a">Colecci&#xF3;n Universidad y Pueblo (Ediciones Universidades Sim&#xF3;n  Bol&#xED;var  y Libre de Pereira)</subfield>
  </datafield>
  <datafield tag="942" ind1=" " ind2=" ">
    <subfield code="c">BOOK</subfield>
    <subfield code="2">ddc</subfield>
  </datafield>
  <datafield tag="999" ind1=" " ind2=" ">
    <subfield code="c">25241</subfield>
    <subfield code="d">25241</subfield>
  </datafield>
  <datafield tag="952" ind1=" " ind2=" ">
    <subfield code="0">0</subfield>
    <subfield code="1">0</subfield>
    <subfield code="4">0</subfield>
    <subfield code="7">0</subfield>
    <subfield code="8">GEN</subfield>
    <subfield code="a">BC</subfield>
    <subfield code="b">BC</subfield>
    <subfield code="d">1997-08-11</subfield>
    <subfield code="i">C141970</subfield>
    <subfield code="l">0</subfield>
    <subfield code="o">301 M516a e2</subfield>
    <subfield code="p">61000001730841</subfield>
    <subfield code="r">2025-01-23 00:00:00</subfield>
    <subfield code="t">2</subfield>
    <subfield code="w">2023-04-20</subfield>
    <subfield code="y">BOOK</subfield>
  </datafield>
  <datafield tag="952" ind1=" " ind2=" ">
    <subfield code="0">0</subfield>
    <subfield code="1">0</subfield>
    <subfield code="2">ddc</subfield>
    <subfield code="4">0</subfield>
    <subfield code="7">0</subfield>
    <subfield code="8">GENERAL</subfield>
    <subfield code="a">SCDM</subfield>
    <subfield code="b">SCDM</subfield>
    <subfield code="d">2023-05-11</subfield>
    <subfield code="e">material adquirido por donaci&#xF3;n</subfield>
    <subfield code="f">DONA</subfield>
    <subfield code="l">0</subfield>
    <subfield code="o">301 M516a</subfield>
    <subfield code="p">01097624</subfield>
    <subfield code="r">2026-04-06 16:49:49</subfield>
    <subfield code="w">2024-03-04</subfield>
    <subfield code="y">BOOK</subfield>
  </datafield>
</record>
